000 00769nam a22001575i 4500
001 171194
003 ES-MaACL
005 20230906214549.0
008 090504s1878 sp |||| | spa d
100 1 _aCabarro, Ramiro.
_9140015
245 1 0 _aPara mujeres España
_b: viaje cómico-serio-lírico-bailable en un acto y en verso /
_coriginal de Ramiro Cabarro.
260 _aMadrid :
_b[s.n.],
_c1878 (
_fImp. a cargo de Manuel Béjar)
300 _a24 p. ;
_c18 cm.
500 _aEn port.: Estrenado con extraordinario aplauso el 10 de julio de 1878 en el "Teatro de la Infantil"
852 _aES-MaACL
_jF-8589(10)
_z.- Enc. pasta epañola
_q- Falto de la cub. original
_z- Enc. en un vol. facticio formando parte de la col. facticia "Teatro español moderno", vol. 42
999 _c171194
_d171194